[Event "AUTO-BEG-171"]
[Site "http://www.queenalice.com/game.php?id=331485"]
[Date "2008.1.5"]
[Round "1"]
[White "Tanatos"]
[Black "feimiga"]
[Result "0-1"]
[WhiteElo "1102"]
[BlackElo "1482"]

1. e4 e5 2. Nf3 Nc6 3. d4 exd4 4. Nxd4 d5 5. exd5 Qxd5 6. c4 Qxd4 7. Qxd4 Nxd4
8. Be3 Nc2+ 9. Kd2 Nxa1 10. b4 Bf5 11. Na3 O-O-O+ 12. Kc3 Nf6 13. Bxa7 b6 14. c5
Kb7 15. Nb5 Nc2 16. cxb6 cxb6 17. a4 Rc8+ 18. Bc4 Nd5+ 19. Kb3 Ncxb4 20. Bxd5+
Nxd5 21. f3 Bd7 22. Rd1 Be6 23. Kb2 Ne3 24. Rd2 Nc4+ 25. Kb3 Nxd2+ 26. Kb2 g6
27. a5 Bg7+ 28. Ka3 Rc2 29. Bxb6 Bf8+ 30. Ka4 Rc4# 0-1

[Event "AUTO-BEG-171"]
[Site "http://www.queenalice.com/game.php?id=331486"]
[Date "2008.1.5"]
[Round "1"]
[White "feimiga"]
[Black "Najfh"]
[Result "1-0"]
[WhiteElo "1500"]
[BlackElo "1132"]

1. e4 e5 2. Nf3 Bd6 3. Bc4 Nc6 4. O-O h5 5. d3 Nf6 6. Ng5 O-O 7. Re1 b6 8. d4
exd4 9. e5 Bxe5 10. Nf3 Bd6 11. Nxd4 h4 12. Nc3 Bb4 13. Bd2 Na5 14. b3 c5 15.
Nf5 d6 16. Bd5 Rb8 17. Ne4 Nxd5 18. Qh5 g6 19. Qh6 gxf5 20. Bg5 Qe8 21. Nf6+
Nxf6 22. Bxf6 Qd7 23. Qh8# 1-0

[Event "AUTO-BEG-171"]
[Site "http://www.queenalice.com/game.php?id=331487"]
[Date "2008.1.5"]
[Round "1"]
[White "Najfh"]
[Black "feimiga"]
[Result "0-1"]
[WhiteElo "1134"]
[BlackElo "1495"]

1. e4 e5 2. Nf3 Nc6 3. Bb5 a6 4. Ba4 Nf6 5. c4 Nxe4 6. O-O Ng5 7. d3 Nxf3+ 8.
gxf3 Nd4 9. b4 Bxb4 10. f4 exf4 11. Qf3 Nxf3+ 12. Kg2 Nd4 13. a3 Qg5+ 14. Kh1 b5
15. f3 Nxf3 16. Rxf3 Bb7 17. Bxf4 Bxf3# 0-1

[Event "AUTO-OPEN-967"]
[Site "http://www.queenalice.com/game.php?id=335434"]
[Date "2008.1.12"]
[Round "1"]
[White "maxcot13"]
[Black "feimiga"]
[Result "1-0"]
[WhiteElo "1432"]
[BlackElo "1491"]

1. e4 e5 2. Nf3 Nc6 3. Bc4 Nf6 4. Nc3 Bc5 5. O-O O-O 6. d3 h6 7. Bd2 Na5 8. Qc1
Ng4 9. h3 Nf6 10. Bxh6 gxh6 11. Qxh6 c6 12. Nh4 Nxc4 13. Nf5 1-0

[Event "AUTO-OPEN-967"]
[Site "http://www.queenalice.com/game.php?id=335435"]
[Date "2008.1.12"]
[Round "1"]
[White "feimiga"]
[Black "maxcot13"]
[Result "1-0"]
[WhiteElo "1424"]
[BlackElo "1484"]

1. d4 Nf6 2. c4 c5 3. e3 e6 4. Nf3 Nc6 5. Bd3 Qc7 6. O-O Be7 7. Nc3 O-O 8. d5
exd5 9. cxd5 Nb4 10. Ng5 Bd6 11. g3 b6 12. e4 h6 13. Nf3 a5 14. Nb5 Qb8 15. Re1
Nxd3 16. Qxd3 Ba6 17. e5 1-0

[Event "AUTO-OPEN-967"]
[Site "http://www.queenalice.com/game.php?id=335458"]
[Date "2008.1.12"]
[Round "1"]
[White "polakinho"]
[Black "feimiga"]
[Result "0-1"]
[WhiteElo "1149"]
[BlackElo "1483"]

1. e4 e5 2. c4 Nf6 3. d3 Bc5 4. Nh3 O-O 5. Ng5 h6 6. h4 Ng4 7. d4 exd4 8. e5
Nxe5 9. Qc2 d3 10. Bxd3 Qe8 11. Bf5 Nd3+ 12. Kd2 Nxf2 13. Re1 Bb4+ 14. Nc3 Qd8
15. Bxd7 Qxd7+ 16. Ke3 Ng4+ 17. Ke2 hxg5 18. hxg5 Re8+ 19. Be3 Nxe3 20. Qc1
Nxg2+ 21. Kf1 Rxe1+ 22. Kxg2 Rxc1 23. Rxc1 Qg4+ 24. Kf2 Qxg5 25. Re1 Nd7 26. a3
Bxc3 27. Re8+ Nf8 28. bxc3 Qf4+ 29. Ke2 Bg4+ 0-1

[Event "AUTO-OPEN-967"]
[Site "http://www.queenalice.com/game.php?id=335459"]
[Date "2008.1.12"]
[Round "1"]
[White "feimiga"]
[Black "polakinho"]
[Result "1-0"]
[WhiteElo "1459"]
[BlackElo "1111"]

1. e4 e5 2. Nf3 Nc6 3. Bc4 Nh6 4. O-O g5 5. d3 f6 6. Nc3 Rg8 7. Bxg8 Nxg8 8. d4
exd4 9. Nxd4 Ne5 10. b3 c5 11. Nf3 a6 12. Qd5 Ne7 13. Qd2 d6 14. Nxe5 fxe5 15.
Qxg5 h6 16. Qh5+ Kd7 17. Bxh6 Kc6 18. Bxf8 Qxf8 19. Rad1 Kb6 20. Rxd6+ Ka5 21.
Qxe5 Nc6 22. Qxc5+ b5 23. b4+ Nxb4 24. Qb6# 1-0

[Event "AUTO-OPEN-967"]
[Site "http://www.queenalice.com/game.php?id=335472"]
[Date "2008.1.12"]
[Round "1"]
[White "piazzi"]
[Black "feimiga"]
[Result "1-0"]
[WhiteElo "1538"]
[BlackElo "1446"]

1. e4 e5 2. Nf3 Nc6 3. Bc4 Nf6 4. d3 Bc5 5. h3 O-O 6. Be3 Bxe3 7. fxe3 Qe7 8.
O-O a6 9. a3 b5 10. Bd5 Nxd5 11. exd5 Nd8 12. e4 Qc5+ 13. Kh1 c6 14. Nxe5 cxd5
15. b4 Qe3 16. Nc3 d6 17. Nxd5 Qa7 18. Ng4 Bxg4 19. Qxg4 Ne6 20. c3 Rac8 21.
Rac1 Rfe8 22. Nf6+ Kf8 23. Nxe8 Rxe8 24. d4 a5 25. Qf5 g6 26. Qxb5 Rb8 27. Qxa5
Qe7 28. Qd5 Rb7 29. e5 dxe5 30. Qxe5 Ke8 31. Rce1 1-0

[Event "AUTO-OPEN-967"]
[Site "http://www.queenalice.com/game.php?id=335473"]
[Date "2008.1.12"]
[Round "1"]
[White "feimiga"]
[Black "piazzi"]
[Result "0-1"]
[WhiteElo "1399"]
[BlackElo "1551"]

1. e4 e5 2. Nf3 Nc6 3. Bc4 Nf6 4. O-O Bc5 5. Ng5 d5 6. exd5 Nxd5 7. d3 h6 8. Nf3
Be6 9. Bxd5 Bxd5 10. Re1 f6 11. Nc3 Qd7 12. Be3 Bxe3 13. Rxe3 O-O-O 14. Nxd5
Qxd5 15. c4 Qf7 16. Qa4 Kb8 17. b4 a6 18. b5 axb5 19. cxb5 Nd4 20. Rb1 b6 21.
Qa6 Rd5 22. Nxd4 Rxd4 23. Rb3 Qd5 24. Ra3 Qb7 25. Qxb7+ Kxb7 26. Re4 Rhd8 27.
Re3 Rb4 28. Rb3 Rdd4 29. Rg3 g5 30. Rf3 e4 0-1

[Event "AUTO-INT-778"]
[Site "http://www.queenalice.com/game.php?id=347861"]
[Date "2008.2.3"]
[Round "1"]
[White "mmazzini"]
[Black "feimiga"]
[Result "0-1"]
[WhiteElo "1322"]
[BlackElo "1442"]

1. d4 d5 2. c4 e6 3. Nc3 Nf6 4. Bg5 h6 5. Bxf6 Qxf6 6. Nf3 Nc6 7. cxd5 exd5 8.
Nxd5 Qd6 9. Nc3 Qb4 10. Qc2 Nxd4 11. Nxd4 Qxd4 12. Rd1 Qh4 13. g3 Qb4 0-1

[Event "AUTO-INT-778"]
[Site "http://www.queenalice.com/game.php?id=347862"]
[Date "2008.2.3"]
[Round "1"]
[White "feimiga"]
[Black "mmazzini"]
[Result "1-0"]
[WhiteElo "1453"]
[BlackElo "1311"]

1. e4 c5 2. Nf3 e6 3. d4 cxd4 4. Nxd4 a6 5. Nc3 Nc6 6. Be2 Bc5 7. Nb3 Qf6 8. O-O
Ba7 9. Be3 Nge7 10. Bxa7 Rxa7 11. f3 O-O 12. a3 b6 13. Qe1 Nd4 14. Nxd4 1-0

[Event "AUTO-INT-778"]
[Site "http://www.queenalice.com/game.php?id=347881"]
[Date "2008.2.3"]
[Round "1"]
[White "feimiga"]
[Black "zemaria"]
[Result "0-1"]
[WhiteElo "1463"]
[BlackElo "1588"]

1. e4 d5 2. exd5 Qxd5 3. Nc3 Qa5 4. d4 a6 5. Nf3 Bg4 6. Bc4 e6 7. a3 Nd7 8. Be3
b5 9. Bd3 h6 10. d5 c5 11. dxc6 Ndf6 12. Be2 Bxf3 13. Bxf3 Rd8 14. Bd2 Qb6 15.
a4 Nh7 16. a5 Qc7 17. Qe2 Be7 18. O-O-O Qxa5 19. Nd5 Qa1# 0-1

[Event "AUTO-INT-778"]
[Site "http://www.queenalice.com/game.php?id=347882"]
[Date "2008.2.3"]
[Round "1"]
[White "zemaria"]
[Black "feimiga"]
[Result "1-0"]
[WhiteElo "1688"]
[BlackElo "1449"]

1. e4 e5 2. Nf3 Nc6 3. Bb5 a6 4. Ba4 b5 5. Bb3 Nf6 6. d3 h6 7. a3 Bc5 8. Nc3 Ng4
9. Be3 Bxe3 10. fxe3 Nxe3 11. Qe2 Ng4 12. h3 Nf6 13. O-O g6 14. Nd5 Nxd5 15.
Bxd5 Bb7 16. Qf2 Rb8 17. Nh4 Rf8 18. Nf3 Na5 19. g4 d6 20. b4 Nc6 21. Bxc6+ Bxc6
22. Qe3 d5 23. Nxe5 Rb6 24. Qxh6 dxe4 25. Nxc6 Rxc6 26. Rae1 Qd4+ 27. Rf2 Rxc2
28. Rxe4+ 1-0

[Event "AUTO-BEG-171"]
[Site "http://www.queenalice.com/game.php?id=392140"]
[Date "2008.4.23"]
[Round "2"]
[White "DaHunter"]
[Black "feimiga"]
[Result "1-0"]
[WhiteElo "1887"]
[BlackElo "1427"]

1. d4 d5 2. c4 e6 3. Nf3 Nf6 4. Bg5 h6 5. Bh4 g5 6. Bg3 dxc4 7. Nc3 Bb4 8. Be5
O-O 9. e3 Nfd7 10. Bxc4 Re8 11. O-O f6 12. Bg3 Nb6 13. Bb3 Bd7 14. Qd3 Bxc3 15.
Qxc3 c6 16. Qd3 h5 17. Qg6+ 1-0

[Event "AUTO-BEG-171"]
[Site "http://www.queenalice.com/game.php?id=392141"]
[Date "2008.4.23"]
[Round "2"]
[White "feimiga"]
[Black "DaHunter"]
[Result "0-1"]
[WhiteElo "1429"]
[BlackElo "1885"]

1. e4 e5 2. Nf3 Nc6 3. Bb5 Nf6 4. Bxc6 dxc6 5. O-O Bd6 6. d3 O-O 7. Nc3 Bg4 8.
h3 Bh5 9. g4 Bg6 10. h4 Nxg4 11. Ng5 Qd7 12. f3 Nf6 13. f4 exf4 14. Bxf4 Bc5+
15. Kh1 h6 16. Nf3 Bh5 17. Rg1 Qh3+ 0-1